Europa - quiz - Statystyki

Ogólne statystyki
  • Ten quiz został rozwiązany 181 razy
    153 od ostatniego zresetowania
  • Średni wynik to 8 z 16
Statystyki odpowiedzi
Zagadnienie Odpowiedź % Poprawnych
Europa leży w całości na półkuli wschodniej Fałsz
89%
Europa leży w całości na półkuli północnej Prawda
83%
Nad Bałtykiem spotyka się często wybrzeża riasowe. Fałsz
67%
Europa jest 2 najmniejszym kontynentem Prawda
67%
Najgłębsze jezioro jest we Włoszech Fałsz
56%
W minionych epokach geologicznych na terenie kontynentu zachodziły dość intensywne procesy wulkaniczne. Ich pozostałościami są stożki wygasłych wulkanów. Prawda
56%
4 europejskie rzeki mają ponad 2000km długości Prawda
50%
W UE jest 27 krajów Prawda
50%
Euro jest używane przez 20 państw Fałsz
44%
Jest 6 państw, które stworzyły EWWiS, pierwowzór UE Prawda
39%
Mady występują na wschodzie Małopolski i Karpat Fałsz
28%
5 najobszerniejszych (o największym dorzeczu) rzek płynie w Rosji Fałsz
28%
Ok. 30% Europy to półwyspy Fałsz
28%
Europa zajmuje ok. 2% powierzchni świata Prawda
28%
Linia brzegowa Europy jest w porównaniu do Afryki większa. Prawda
22%
Islandia geologicznie jest w całości w Europie Fałsz
17%
Nie znaleziono quizów pasujących do podanych kryteriów
Rozkład punktacji
Procent ludzi z każdym wynikiem
Percentyl według liczby udzielonych odpowiedzi
Twoja historia wyników
Nie rozwiązałeś tego quizu od ostatniego zresetowania